| 000 | 00891nam a2200217Ia 4500 | ||
|---|---|---|---|
| 999 |
_c39206 _d39206 |
||
| 001 | 5792 | ||
| 003 | GE_BSU | ||
| 005 | 20190624163626.0 | ||
| 008 | 181216s1965|||| |||||||||||||| ||geo|| | ||
| 041 | _ageo | ||
| 080 | _a621.314.1/5(075.8) რ-76 | ||
| 100 |
_aრაზმაძე, შ. _92843 |
||
| 245 |
_aდენის გარდამქნელები : დამხმ. სახელმძღ. / _cშ. რაზმაძე ; რედ : ვ.კობიაშვილი. |
||
| 264 |
_aთბილისი : _bგანათლება, _c1965. |
||
| 300 |
_a486 გვ .: _bნახ. _c22 სმ. |
||
| 504 | _aიბლიოგრ.:გვ.477-480 | ||
| 653 | _aდენის გარდამქნელები | ||
| 653 | _aტექნიკა | ||
| 700 |
_aკობიაშვილი, ვ _eრედაქტორი _92844 |
||
| 942 |
_cBK _2udc |
||